Curs de teoria i pràctica de govern local [Recurs electrònic]
ISBN:
84-7794-983-2
Publicado:
Barcelona :
Diputació de Barcelona. Àrea de Govern Local. Servei de Formació Local ,
2004
Descripción Física:
1 disc òptic (CD-ROM) ; 12 cm
Materias:
Administració local
MARC
| LEADER | 00000nam a2200000Ia 4500 | ||
|---|---|---|---|
| 001 | 22251 | ||
| 008 | 160829s2004 xx 000 0 cat d | ||
| 020 | |a 84-7794-983-2 | ||
| 080 | |a CD-1-158 | ||
| 245 | |a Curs de teoria i pràctica de govern local [Recurs electrònic] | ||
| 260 | |a Barcelona : |b Diputació de Barcelona. Àrea de Govern Local. Servei de Formació Local, |c 2004 | ||
| 300 | |a 1 disc òptic (CD-ROM) ; |c 12 cm | ||
| 590 | |a Cal fer instal·lació al disc dur | ||
| 590 | |a Requeriments mínims: Pentium 200 o superior amb 32MB de memòria i lector de CD-ROM (x8); VGA a 800x600 i més de 256 colors; Windows 95/98, 2000 i XP; Microsoft Internet Explorer 5x, Flash Player i Acrobat Reader; Microsoft Office | ||
| 650 | 0 | |a Administració local |9 34286 | |
| 710 | |a Barcelona (Catalunya : Província). |b Servei de Formació Local |9 53659 | ||
| 901 | |a Arxiu | ||
| 942 | |n 1 | ||
| 952 | |0 0 |1 0 |4 0 |6 CD1158 |7 1 |9 50164 |a Arxiu |b Arxiu |d 2016-12-01 |l 0 |o CD-1-158 |p 22251 |r 2016-12-01 00:00:00 |w 2016-12-01 |y ARXIU | ||
| 999 | |c 54006 |d 54006 | ||